London's Oldest Pubs - Statistics

General Stats
  • This quiz has been taken 69 times
  • The average score is 3 of 24
Answer Stats
Hint Answer % Correct
Blackfriars The Black Friar
50%
City of London Ye Olde Cheshire Cheese
36%
Covent Garden The Lamb and Flag
29%
Limehouse, Docklands The Grapes
24%
Belgravia The Nag's Head
21%
Highgate The Flask
19%
Wapping The Prospect of Whitby
17%
Covent Garden The Cross Keys
14%
Soho The French House
12%
Southwark The George Inn
12%
Belgravia The Grenadier
12%
Holborn Cittie of Yorke
10%
Hammersmith The Dove
10%
Holborn The Seven Stars
10%
Hampstead The Spaniard's Inn
10%
Bloomsbury The Lamb
7%
Rotherhithe The Mayflower
7%
Greenwich The Cutty Sark
5%
Soho The Dog and Duck
5%
Greenwich The Trafalgar Tavern
5%
Clerkenwell The Crown Tavern
2%
Belgravia The Star Tavern
2%
Holborn The Viaduct
2%
Holborn Ye Olde Mitre Tavern
2%
No matching quizzes found
Score Distribution
Percent of People with Each Score
Percentile by Number Answered
Your Score History
You have not taken this quiz